Il libro del potere : che cos'è, chi ce l'ha e perché? /

Nella vita c'è spesso qualcuno che ci dice cosa fare. Possono essere i nostri genitori o gli insegnanti, oppure un fratello o una sorella più grandi. Queste persone hanno quello che si chiama potere. Il potere in sé non è né buono né cattivo, tutto dipende da come si usa. Questo libro esamina i vari...

Mô tả đầy đủ

Đã lưu trong:
Chi tiết về thư mục
Tác giả chính: Saunders, Claire (Tác giả)
Tác giả khác: Avelino, Joelle (Người vẽ tranh minh họa), Broadbent, David (Người vẽ tranh minh họa), Gay, Roxane (Tác giả của lời kết, lời ghi cuối sách, v.v.), Risari, Guia (Thông dịch viên)
Định dạng: Sách
Ngôn ngữ:Tiếng Italy
Được phát hành: Cagli : Settenove, ©2022
Những chủ đề:
Các nhãn: Thêm thẻ
Không có thẻ, Là người đầu tiên thẻ bản ghi này!

MARC

LEADER 00000nam a22000007i 4500
001 IT\ICCU\UBO\4626344
003 ItRI
005 20260115232208.0
008 220616s2022 it |||||| |||||0|||||c
020 |a 9788898947768 
040 |b ita  |c importazione bologna sebina 
041 7 |a ita  |2 ISO-639-2 
082 |a 303.3  |9 PROCESSI SOCIALI. COORDINAMENTO E CONTROLLO  |2 23 
130 4 |a The power book  |3 IT\ICCU\UBO\4626351 
245 0 3 |a Il libro del potere :  |b che cos'è, chi ce l'ha e perché? /  |c testo di Claire Saunders ... [et al.] ; illustrazioni di Joelle Avelino e David Broadbent. 
260 |a Cagli :  |b Settenove,  |c ©2022 
300 |a 61 p. :  |b ill. ;  |c 29 cm 
500 |a Autore della prefazione  |0 IT\ICCU\UBOV\453449 
500 |a In copertina: Prefazione di Roxane Gay ; traduzione di Guia Risari 
520 |a Nella vita c'è spesso qualcuno che ci dice cosa fare. Possono essere i nostri genitori o gli insegnanti, oppure un fratello o una sorella più grandi. Queste persone hanno quello che si chiama potere. Il potere in sé non è né buono né cattivo, tutto dipende da come si usa. Questo libro esamina i vari tipi di potere che esistono e che possono influenzare ogni giorno della tua vita. Capirai perché alcune persone hanno più potere di altre. Scoprirai persone straordinarie che hanno cercato di migliorare le loro vite e quelle degli altri, sovvertendo i rapporti di potere. Alla fine di questo libro, disporrai di un radar avvista-potere che ti permetterà di vedere questa forza invisibile. E poi, chissà, forse diventerai anche tu una forza al servizio del bene, quando avrai imparato cos'è il potere, come rafforzare il tuo e come usarlo al meglio! Età di lettura: da 7 anni. 
650 7 |a Potere  |x Aspetti socio-culturali  |2 scbi 
700 1 |a Avelino, Joelle  |0 IT\ICCU\UBOV\068494  |4 ill 
700 1 |a Broadbent, David  |0 IT\ICCU\RMBV\292321  |4 ill 
700 1 |a Gay, Roxane  |0 IT\ICCU\UBOV\453449  |4 aft 
700 1 |a Risari, Guia  |0 IT\ICCU\MILV\215288  |4 trl 
700 1 |a Saunders, Claire  |0 IT\ICCU\UBOV\070255  |4 aut 
942 |2 ddc  |c BK  |n 0 
952 |0 0  |1 0  |4 0  |6 R_303_300000000000000_SAU  |7 0  |9 21746  |a BO  |b BO  |d 2026-01-15  |i 19603  |l 0  |o R 303.3 SAU  |p BO19603  |r 2026-01-15 23:22:08  |w 2026-01-15  |x [Sebina 5] [1 v.]  |y BK  |z 1 v. 
999 |c 18579  |d 18579